|
|
|
|
| LEADER |
01126nab#a2200349#ar4500 |
| 001 |
000072291 |
| 003 |
SVKKK |
| 005 |
20100928102218.0 |
| 008 |
080512d1914 xo |||||||||||||||b|hun |
| FMT |
|
|
|
| 038 |
|
|
|a SVKKK
|
| 040 |
|
|
|a SVKKK
|b slo
|e AACR2
|
| 041 |
0 |
|
|a hun
|
| 044 |
|
|
|a xo
|c SK
|
| 080 |
|
|
|a 614-051
|2 1981
|
| 242 |
1 |
0 |
|a Nový lekár
|y slo
|
| 245 |
1 |
0 |
|a Uj orvos
|
| 500 |
|
|
|a mikrofilm
|
| 520 |
2 |
|
|a Správa o tom, že Alexander (Sándor) Toronszky [rodák z Humenného] obhájil v Budapesti dňa 7.02.1914 titul "doktor medicínskych vied". Po ukončení vojenskej služby sa chystá na študijný pobyt do zahraničia
|
| 650 |
0 |
4 |
|a Toronszky, Alexander (lekár) - Humenné (pôvod) - doktor medicínskych vied (titul) - Budapest - 7.02.1914
|
| 655 |
|
4 |
|a hungariká
|
| 773 |
0 |
|
|t Homonna és Vidéke : Hetilap
|g Roč. 14, č. 6 (08.02.1914) s. 2
|
| 957 |
|
|
|a Budapest (HU)
|
| 957 |
|
|
|a Humenné
|
| 958 |
|
|
|a DG
|
| 958 |
|
|
|a HU
|
| 974 |
|
|
|a Ba
|
| 992 |
|
|
|a RBX
|
| 997 |
|
|
|a Toronszky, Sándor p. Toronszky, Alexxander
|d Homonna p. Humenné
|
| 997 |
|
|
|d Budapest (HU)
|
| BAS |
|
|
|
| 998 |
|
|
|a RETRO
|